Vybrané aspekty problematiky nútenej správy obce
Nútená správa obce ako samostatný inštitút hospodárenia obce. Dôvody, dôsledkom ktorých sa obec môže dostať do nútenej správy. Dôsledky nútenej správy pre obec.
Guardado en:
| Autor principal: | |
|---|---|
| Formato: | Capítulo de libro |
| Lenguaje: | eslovaco |
| Materias: | |
| Etiquetas: |
Sin Etiquetas, Sea el primero en etiquetar este registro!
|
MARC
| LEADER | 00000nla a2200000 4500 | ||
|---|---|---|---|
| 001 | 0165652 | ||
| 005 | 20251027113624.1 | ||
| 041 | 0 | |a slo | |
| 044 | |a SK | ||
| 245 | 1 | 0 | |a Vybrané aspekty problematiky nútenej správy obce |c Jana Horváthová |
| 520 | |a Nútená správa obce ako samostatný inštitút hospodárenia obce. Dôvody, dôsledkom ktorých sa obec môže dostať do nútenej správy. Dôsledky nútenej správy pre obec. | ||
| 610 | 2 | 0 | |a obce |
| 610 | 2 | 0 | |a samospráva miestna |
| 610 | 2 | 0 | |a správa nútená |
| 100 | 1 | |a Horváthová, Jana | |